Podnikatelia na ústupe? Nie!
Stav živnostenského podnikania na Slovensku. Počet evidovaných živnostenských podnikateľov. Vydané živnostenské oprávnenia a koncesné listiny. Podnikateľské subjekty v krajoch.
Guardado en:
| Autor principal: | |
|---|---|
| Formato: | Capítulo de libro |
| Lenguaje: | eslovaco |
| Materias: | |
| Etiquetas: |
Sin Etiquetas, Sea el primero en etiquetar este registro!
|
MARC
| LEADER | 00000naa a2200000 4500 | ||
|---|---|---|---|
| 001 | r026565 | ||
| 005 | 20230921081301.5 | ||
| 041 | 0 | |a slo | |
| 044 | |a SK | ||
| 245 | 1 | 0 | |a Podnikatelia na ústupe? Nie! |c Z. Németh |
| 520 | |a Stav živnostenského podnikania na Slovensku. Počet evidovaných živnostenských podnikateľov. Vydané živnostenské oprávnenia a koncesné listiny. Podnikateľské subjekty v krajoch. | ||
| 610 | 2 | 0 | |a živnosti |
| 610 | 2 | 0 | |a podnikatelia |
| 610 | 2 | 0 | |a koncesie |
| 610 | 2 | 0 | |a Slovensko |
| 610 | 2 | 0 | |a zákony |
| 610 | 2 | 0 | |a 1991 |
| 100 | 1 | |a Németh, Z. | |